Catálogo
 En Linea

De la cuota femenina a la paridad en Centroamérica, México y República Dominicana / (Registro nro. 58861)

Detalles MARC
000 -CABECERA
campo de control de longitud fija 01374nam a2200277 i 4500
003 - IDENTIFICADOR DEL NÚMERO DE CONTROL
campo de control DO-SdBNP
005 - FECHA Y HORA DE LA ÚLTIMA TRANSACCIÓN
campo de control 20250430095247.0
007 - CAMPO FIJO DE DESCRIPCIÓN FÍSICA--INFORMACIÓN GENERAL
campo de control de longitud fija ta
008 - DATOS DE LONGITUD FIJA--INFORMACIÓN GENERAL
campo de control de longitud fija 250430b2020 dr a|||| |||| 00| 0 spa d
020 ## - NÚMERO INTERNACIONAL ESTÁNDAR DEL LIBRO
Número Internacional Estándar del Libro 9789993481553
040 ## - FUENTE DE LA CATALOGACIÓN
Centro catalogador/agencia de origen DO-SdBNP
Lengua de catalogación spa
Centro/agencia transcriptor BNPHU
Normas de descripción rda
041 ## - CÓDIGO DE LENGUA
Código de lengua del texto/banda sonora o título independiente spa
082 #4 - NÚMERO DE LA CLASIFICACIÓN DECIMAL DEWEY
Número de clasificación xxx
Número de documento/Ítem A657d
Número de edición 22
100 ## - ENTRADA PRINCIPAL--NOMBRE DE PERSONA
Nombre de persona Aquino Rodríguez, José Ángel
Término indicativo de función/relación autor
Código de función/relación aut.
9 (RLIN) 12222
245 10 - MENCIÓN DE TÍTULO
Título De la cuota femenina a la paridad en Centroamérica, México y República Dominicana /
Mención de responsabilidad, etc. José Ángel Aquino Rodríguez.
264 ## - PRODUCCIÓN, PUBLICACIÓN, DISTRIBUCIÓN, FABRICACIÓN Y COPYRIGHT
Producción, publicación, distribución, fabricación y copyright Santo Domingo :
Nombre del de productor, editor, distribuidor, fabricante Ministerio De La Mujer,
Fecha de producción, publicación, distribución, fabricación o copyright 2020.
300 ## - DESCRIPCIÓN FÍSICA
Extensión 55 páginas :
Otras características físicas ilustraciones, retratos ;
Dimensiones 22 cm.
336 ## - TIPO DE CONTENIDO
Término de tipo de contenido texto
Código de tipo de contenido txt
Fuente rdacontent
337 ## - TIPO DE MEDIO
Nombre/término del tipo de medio sin mediación
Código del tipo de medio n
Fuente rdamedia
338 ## - TIPO DE SOPORTE
Nombre/término del tipo de soporte volumen
Código del tipo de soporte nc
Fuente rdacarrier
504 ## - NOTA DE BIBLIOGRAFÍA, ETC.
Nota de bibliografía, etc. Bibliografía: páginas 48-53
505 ## - NOTA DE CONTENIDO CON FORMATO
Nota de contenido con formato La paridad de género: La inclusión como instrumento de la política /
Mención de responsabilidad Janet Camilo --
Título I. De la cuota femenina a la paridad en Centroamérica, México y República Dominicana --
-- II. La cuota femenina en Centroamérica, México y República Dominicana --
-- III. La paridad: de postulado teórico a norma fundamental --
-- IV. Aplicación de la paridad en las listas electorales en Centroamérica, México y República Dominicana --
-- V. Los desafíos de la paridad.
710 1# - PUNTO DE ACCESO ADICIONAL--NOMBRE DE ENTIDAD CORPORATIVA
Nombre de entidad corporativa o nombre de jurisdicción como elemento de entrada Ministerio De La Mujer
9 (RLIN) 87579
910 ## - DATOS DE OPCIÓN DEL USUARIO (OCLC)
Datos de opción del usuario LP
942 ## - ELEMENTOS DE PUNTO DE ACCESO ADICIONAL (KOHA)
Fuente del sistema de clasificación o colocación Dewey Decimal Classification
Tipo de ítem Koha Libro
Existencias
Estado de retiro Estado de pérdida Fuente del sistema de clasificación o colocación No para préstamo Código de colección Localización permanente Ubicación/localización actual Ubicación en estantería Fecha de adquisición Fuente de adquisición Total de préstamos Signatura topográfica completa Código de barras Fecha visto por última vez Precio válido a partir de Tipo de ítem Koha Restricciones de uso Número de copia
    Dewey Decimal Classification   Patrimonio Dominicano Biblioteca Nacional Pedro Henríquez Ureña Biblioteca Nacional Pedro Henríquez Ureña En catalogación 08.05.2024 Donado por Ministerio de la Mujer   xxx A657d 2025-3813 30.04.2025 30.04.2025 Libro    
    Dewey Decimal Classification   Dominicana de Servicio Biblioteca Nacional Pedro Henríquez Ureña Biblioteca Nacional Pedro Henríquez Ureña En catalogación 08.05.2024 Donado por Ministerio de la Mujer   xxx A657d 2025-3815 30.04.2025 30.04.2025 Libro Préstamo en sala e.3
    Dewey Decimal Classification   Patrimonio Dominicano Biblioteca Nacional Pedro Henríquez Ureña Biblioteca Nacional Pedro Henríquez Ureña En catalogación 08.05.2024 Donado por Ministerio de la Mujer   xxx A657d 2025-3814 30.04.2025 30.04.2025 Libro Excluido de préstamo e.2

Con tecnología Koha